| 000 | 00645nam a2200181 i 4500 | ||
|---|---|---|---|
| 001 | 146211 | ||
| 003 | ES-MaACL | ||
| 005 | 20230906201443.0 | ||
| 007 | t| | ||
| 008 | 070905s1912 sp |||| | spa d | ||
| 100 | 1 |
_aTrápaga, Adolfo. _9165093 |
|
| 245 | 1 | 0 |
_aGuía práctica para aplicar la Ley del servicio militar obligatorio / _cpor Adolfo Trápaga y Aguado, Gerardo Blanco de la Viña. |
| 260 |
_aMadrid : _b[s.n.], _c1912 ( _fImp. del Cuerpo de Intendencia Militar) |
||
| 300 |
_aXIII, 480 p. ; _c20 cm. |
||
| 650 | 4 |
_aServicio militar- _zEspaña. _9136869 |
|
| 700 | 1 |
_aBlanco de la Viña, Gerardo. _929240 |
|
| 852 |
_aES-MaACL _jF-13400 |
||
| 999 |
_c146211 _d146211 |
||